| 000 | 00552nam a2200217Ia 4500 | ||
|---|---|---|---|
| 003 | GCL | ||
| 008 | 140319s9999 xx 000 0 ara d | ||
| 040 |
_aGCL / _cGCL |
||
| 082 | 0 | 4 |
_a928.1 _bهـ ا |
| 100 | 1 | _aتوماس، هنرى | |
| 245 | 1 | 0 |
_aاعلام الفن القصصى / _cتوماس، هنرى |
| 700 | 1 | _aتوماس، دانالى | |
| 700 | 1 | _aعثمان نويه | |
| 490 | _a | ||
| 650 | 0 | 4 | _aالادباء |
| 650 | 0 | 4 | _aسيرفانت |
| 650 | 0 | 4 | _aديفو |
| 650 | 0 | 4 | _aسترن |
| 650 | 0 | 4 | _aسكوت |
| 942 |
_2ddc _cBK |
||
| 999 |
_c40124 _d40124 |
||